Lắp đặt, sử dụng và bảo quản đồ gỗ gia dụng /
Cuốn sách này giúp cho bạn đọc biết được cách lắp đặt, sử dụng và bảo quản đồ gỗ gia dụng...
Spremljeno u:
| Glavni autor: | |
|---|---|
| Format: | Knjiga |
| Jezik: | Vietnamese |
| Izdano: |
Tp.HCM :
Nxb Trẻ,
2000.
|
| Teme: | |
| Oznake: |
Dodaj oznaku
Bez oznaka, Budi prvi tko označuje ovaj zapis!
|
| Thư viện lưu trữ: | Mạng thư viện Đại học Đà Nẵng |
|---|
| LEADER | 00933cam a2200325 i 4500 | ||
|---|---|---|---|
| 001 | 000042873 | ||
| 003 | 748 | ||
| 005 | 20031002153202.0 | ||
| 008 | 010217b2000 vm 000 vie | ||
| 020 | |c 7200 | ||
| 040 | |a IRC |c IRC |d IRC | ||
| 041 | 0 | |a vie | |
| 082 | 1 | 4 | |a 645 |b NG-Đ |
| 100 | 1 | |a Nguyễn Trọng Đa. | |
| 245 | 0 | 0 | |a Lắp đặt, sử dụng và bảo quản đồ gỗ gia dụng / |c Nguyễn Trọng Đa. |
| 260 | |a Tp.HCM : |b Nxb Trẻ, |c 2000. | ||
| 300 | |a 85tr. ; |c 19cm. | ||
| 520 | 3 | |a Cuốn sách này giúp cho bạn đọc biết được cách lắp đặt, sử dụng và bảo quản đồ gỗ gia dụng... | |
| 630 | 0 | 4 | |a Đồ gỗ. |
| 650 | 0 | 4 | |a Đồ gỗ. |
| OWN | |a DUT | ||
| 999 | |a From the UDN01 | ||
| TYP | |a Monograph | ||
| TYP | |a Printed language | ||
| 980 | |a Mạng thư viện Đại học Đà Nẵng | ||